[Event "Millennium-Meisterturnier 2022"]
[Site "Tornelo"]
[Date "2022.03.23"]
[Round "4.1"]
[White "Costa, Leonardo"]
[Black "Hess, Max"]
[Result "1-0"]
[WhiteElo "2324"]
[BlackElo "2395"]
[Annotator "ChessBase"]
[PlyCount "147"]
[EventDate "2022.03.23"]
[EventType "tourn"]
[EventCountry "NET"]
[SourceTitle "playchess.com"]
[Source "ChessBase"]
[SourceQuality "1"]
[TimeControl "40/5400+30:1800+30"]

1. e4 c5 2. Nf3 e6 3. d4 cxd4 4. Nxd4 Nc6 5. Nc3 Qc7 6. f4 a6 7. Nxc6 bxc6 8. Bd3 d5 9. O-O Nf6 10. Qe2 Be7 11. Bd2 Bb7 12. Rae1 O-O 13. e5 Nd7 14. f5 exf5 15. Bxf5 Bc5+ 16. Kh1 Rae8 17. Bf4 Qd8 18. Qg4 Bc8 19. Bh6 g6 20. Bxf8 Nxf8 21. Bxc8 Qxc8 22. Qxc8 Rxc8 23. Na4 Ba7 24. g3 Ne6 25. c3 Ng5 26. Rf4 Ne4 27. Rfxe4 dxe4 28. Rxe4 Re8 29. Rc4 Rxe5 30. Rxc6 Re1+ 31. Kg2 Re2+ 32. Kf3 Rf2+ 33. Ke4 Rxh2 34. Rxa6 Bg1 35. c4 Re2+ 36. Kd3 Re3+ 37. Kd2 Rxg3 38. c5 Rg2+ 39. Kd3 h5 40. c6 Bh2 41. b4 h4 42. b5 h3 43. b6 Rg3+ 44. Kc2 Rg2+ 45. Kb3 Kg7 46. Ra8 Be5 47. c7 h2 48. c8=Q h1=Q 49. Qf8+ Kf6 50. Qh8+ Qxh8 51. Rxh8 Rg3+ 52. Kb4 Bd6+ 53. Kc4 Ra3 54. Nc3 Be5 55. Nd5+ Kg5 56. Re8 Bd6 57. Nc3 f5 58. b7 Ra7 59. b8=Q Bxb8 60. Rxb8 f4 61. a4 Kg4 62. Rf8 g5 63. Kb5 Kf3 64. a5 Rb7+ 65. Kc6 Rb3 66. Nb5 Rb1 67. a6 Ra1 68. a7 g4 69. a8=Q Rxa8 70. Rxa8 g3 71. Nd4+ Ke3 72. Kd5 g2 73. Ra3+ Kf2 74. Nf3 1-0

[Event "Millennium-Meisterturnier 2022"]
[Site "Tornelo"]
[Date "2022.03.23"]
[Round "4.2"]
[White "Soham Das"]
[Black "Schneider, Jana"]
[Result "0-1"]
[WhiteElo "2330"]
[BlackElo "2266"]
[Annotator "TA"]
[PlyCount "62"]
[EventDate "2022.03.23"]
[EventType "tourn"]
[EventCountry "NET"]
[SourceTitle "playchess.com"]
[Source "ChessBase"]
[SourceQuality "1"]

{[%evp 9,62,-33,-28,-29,-32,-29,-27,-29,-25,-33,-37,-39,-39,-54,0,-111,-52,-69,-32,-69,-38,-67,-70,-112,-111,-269,-243,-279,-272,-291,-250,-242,-233,-235,-229,-234,-151,-202,-206,-29988,-29989,-29989,-2690,-29990,-29991,-29993,-29992,-29992,-29993,-29993,-29994,-29994,-29994,-29994,-29995]} 1. a3 d5 2. f4 Nf6 3. Nf3 Bf5 {[#]} 4. d3 $146 ({Predecessor:} 4. e3 h6 5. b4 e6 6. Bb2 Nbd7 7. d4 Be7 8. Nbd2 O-O 9. c4 c6 10. c5 {1-0 (47) Bieszk,S (850)-Hinestroza,D (739) LSS email 2014}) 4... h6 5. h3 e6 6. g4 {A00: Irregular Openings.} Bh7 7. Bg2 Bd6 8. O-O {Black has an edge.} c6 9. Nc3 Nbd7 10. Qe1 Qc7 11. e3 g5 ({Black should try} 11... O-O $15) 12. Ne2 (12. fxg5 $11 {remains equal.} hxg5 13. Nxg5) 12... O-O-O (12... h5 $1 $17) 13. fxg5 $15 hxg5 14. Nxg5 Bg6 {[%cal Of6g4] Black is more active.} 15. Nf4 Rdg8 {[%cal Og6d3]} 16. Bd2 {[#]} ({White should play} 16. Nxg6 $15 Rxg6 17. Nxf7 Bh2+ 18. Kh1) 16... Bh5 $1 $17 {[%mdl 512]} 17. Ngxe6 {White does not recover from this.} (17. Ba5 b6) 17... fxe6 $19 18. gxh5 Nxh5 19. Bc3 (19. Nxe6 $2 Bh2+ 20. Kf2 Qd6 $19) 19... Nxf4 (19... Bxf4 20. exf4 Rh6 21. Qh4 $19) 20. exf4 Rxh3 21. Qxe6 Rhg3 {The board is on fire.} 22. Rf2 R3g6 {[%cal Bg3g6,Bg6h6,Bh6h3][%mdl 32]} ({Not} 22... Bxf4 23. Re1) 23. Qf5 (23. Qf7 $17 {was called for.}) 23... Bxf4 $1 24. Re2 {[#] To avoid Be3+} (24. Re1 $19 Bg3 25. Qxg6 Bxf2+ 26. Kf1) 24... Be3+ $1 {[%mdl 512]} 25. Kh1 Qg3 (25... Rh6+ $142 26. Bh3 {[#]} Qg3 $1 27. Qxd7+ Kb8 28. Be5+ Qxe5 29. Rf1 Qg3 30. Qd6+ Rxd6 31. Rxe3 Qxe3 32. Rf8+ Rxf8 33. Bg4 Rh6+ 34. Bh5 Rxh5+ 35. Kg2 Qg5#) 26. Bh3 {[#]} Rh6 $1 {Black mates.} 27. Qxd7+ Kb8 28. Be5+ Qxe5 29. Rg2 Rgh8 30. Rh2 Qg3 31. Rf1 Rxh3 {Weighted Error Value: White=0.70/Black=0.32} 0-1

[Event "Millennium-Meisterturnier 2022"]
[Site "Tornelo"]
[Date "2022.03.23"]
[Round "4.3"]
[White "Lerch, Johannes"]
[Black "Prusikin, Michael"]
[Result "1/2-1/2"]
[WhiteElo "2229"]
[BlackElo "2540"]
[Annotator "TA"]
[PlyCount "64"]
[EventDate "2022.03.23"]
[EventType "tourn"]
[EventCountry "NET"]
[SourceTitle "playchess.com"]
[Source "ChessBase"]
[SourceQuality "1"]

{[%evp 10,64,19,12,41,43,45,42,46,38,30,6,18,13,29,31,35,27,41,40,41,11,3,-6,0,0,0,0,0,-32,-29,-28,-31,-38,-37,-42,0,0,0,0,0,-16,-13,-39,0,0,0,0,0,0,0,0,0,0,0,0,0]} 1. e4 e5 2. Nf3 Nc6 3. Bc4 Bc5 4. Nc3 Nf6 5. d3 d6 6. Na4 Bb4+ {C50: Hungarian Defence and Giuoco Pianissimo.} 7. c3 Ba5 8. b4 Bb6 {White is slightly better.} 9. Nxb6 (9. O-O {keeps more tension.} O-O 10. Re1 h6 11. Bb3 Be6 12. Bc2) 9... axb6 {[#]} 10. h3 $146 ({Predecessor:} 10. O-O O-O 11. h3 h6 12. Be3 Qe7 13. Re1 Be6 14. Qb3 Bxc4 15. Qxc4 Qe6 16. Nd2 Qxc4 17. Nxc4 {0-1 (44) Smith,A (2167)-Teh,W (1818) Caleta 2019}) 10... Ne7 11. Bg5 Ng6 12. Nh4 Nxh4 13. Bxh4 {[%cal Of2f4]} h6 14. d4 Qe7 15. Bxf6 Qxf6 16. Bb3 O-O 17. O-O Be6 18. Bxe6 Qxe6 19. Qb3 {Prevents Ra3.} exd4 20. Qxe6 fxe6 21. cxd4 $15 {[%mdl 4096] Endgame KRR-KRR} Ra4 22. a3 d5 (22... c6 $15) 23. exd5 $11 exd5 24. Rfe1 c6 25. Re3 Rfa8 {[%cal Oa4b4]} 26. Rb3 Re8 27. Kf1 {The position is equal.} Re4 28. Rd3 b5 29. f3 Re6 30. Re1 Kf7 31. Rde3 Rxe3 32. Rxe3 Ra8 {Weighted Error Value: White=0.07 (flawless) /Black=0.07 (flawless)} 1/2-1/2

[Event "Millennium-Meisterturnier 2022"]
[Site "Tornelo"]
[Date "2022.03.23"]
[Round "4.4"]
[White "Lohvinov, Petro"]
[Black "Huber, Benedikt"]
[Result "0-1"]
[WhiteElo "2230"]
[BlackElo "2191"]
[Annotator "TA"]
[PlyCount "60"]
[EventDate "2022.03.23"]
[EventType "tourn"]
[EventCountry "NET"]
[SourceTitle "playchess.com"]
[Source "ChessBase"]
[SourceQuality "1"]

{[%evp 20,60,-18,-18,-19,-97,-84,-137,-136,-129,-127,-227,-204,-347,-135,-141,-75,-77,-71,-95,-92,-160,-160,-385,-354,-364,-339,-402,-403,-460,-471,-533,-386,-716,-714,-689,-563,-626,-516,-1003,-989,-927,-898]} 1. e4 e5 {[%cal Be7e5,Be5d4][%mdl 32]} 2. Nf3 Nc6 3. Bb5 a6 4. Ba4 Nf6 5. d4 exd4 6. O-O Be7 7. Re1 b5 8. e5 Nxe5 9. Rxe5 bxa4 10. Nxd4 O-O 11. Nf5 Re8 {White must now prevent ...Bf8. C84: Closed Ruy Lopez: Unusual White 6th moves.} 12. Qe2 (12. Bg5 $11 {remains equal.} d6 13. Nxe7+ Rxe7 14. Bxf6 gxf6 15. Rxe7 Qxe7 16. Nc3) 12... Bf8 13. Bg5 ({White should play} 13. Rxe8 Nxe8 14. Qd3) 13... Rxe5 $17 {Black is clearly better.} 14. Qxe5 {[%cal Of5h6] aiming for Nh6+!} d6 $40 {[%mdl 128] Black is out for blood.} 15. Nh6+ gxh6 $19 16. Bxf6 {[#]} (16. Qxf6 {was forced.} Qxf6 17. Bxf6) 16... dxe5 $2 (16... Bg7 $1 $19 {[%mdl 512] has better winning chances.} 17. Bxd8 Bxe5) 17. Bxd8 $17 Bd6 {[#]} (17... Rb8 $142 18. b3 Rb5) 18. Bf6 $146 ({Predecessor:} 18. Nc3 f5 19. Rd1 Bb7 20. Bh4 Bc6 21. f3 Kf7 22. Nd5 Rb8 23. b3 Ke6 24. Ne3 {½-½ (75) Mujic,H (2320)-Stoinev,M (2340) Tuzla 1989}) 18... Bf5 19. Na3 Be6 {Inhibits Nc4. Hoping for ...Rb8.} 20. c4 (20. Nb1 $142) 20... Rb8 21. Rd1 $2 (21. c5 $17 {keeps fighting.} Bf8 22. Bxe5) 21... Rxb2 $19 22. c5 {[#]} Bf8 ({Not} 22... Bxc5 23. Rd8+ Bf8 24. h3 $14 (24. Be7 Kg7 $14)) (22... Rxa2 23. cxd6 cxd6 {[#]} 24. g4 $1 $18) 23. Rd3 {Rg3+ would kill now.} Bf5 ({Less strong is} 23... Bxc5 24. Rd8+ Bf8 25. h3 $14 (25. Be7 Rd2 $14)) 24. Rg3+ Bg6 25. Bxe5 Re2 {[%cal Re2e1]} 26. f4 $2 (26. Re3 Rxe3 27. fxe3) 26... Bxc5+ {Black is clearly winning.} 27. Kf1 Rxa2 28. Nc4 Kf8 {Strongly threatening ...Bh5.} 29. Bf6 (29. Bxc7 $142 Ra1+ 30. Ke2) 29... Rf2+ 30. Ke1 Rxf4 {Weighted Error Value: White=0.96/Black=0.38} 0-1

[Event "Millennium-Meisterturnier 2022"]
[Site "Tornelo"]
[Date "2022.03.23"]
[Round "4.5"]
[White "Goldbeck, Lars"]
[Black "Nestorovic, Nikola"]
[Result "0-1"]
[WhiteElo "2259"]
[BlackElo "2456"]
[Annotator "TA"]
[PlyCount "116"]
[EventDate "2022.03.23"]
[EventType "tourn"]
[EventCountry "NET"]
[SourceTitle "playchess.com"]
[Source "ChessBase"]
[SourceQuality "1"]

{[%evp 9,116,-9,-22,-9,14,0,0,3,0,0,8,0,0,0,0,0,39,40,54,57,56,65,58,49,52,45,62,51,82,16,71,59,76,81,79,77,77,82,83,76,75,64,82,76,84,-41,-44,-53,8,14,38,39,37,28,29,0,0,-159,0,0,0,0,0,0,0,0,0,-10,-6,-30,-30,-30,0,0,0,-6,-6,-6,-6,-6,-6,-6,-6,-6,-13,-13,-13,-13,-13,-13,-13,-12836,-12836,-12837,-12836,-12837,-12838,-12838,-12839,-12839,-12839,-12840,-12840,-12841,-12842,-12843,-12842,-12842,-12843]} 1. d4 Nf6 2. c4 e6 3. Nc3 Bb4 4. f3 c5 5. d5 b5 6. e4 {E20: Nimzo-Indian: 4 g3 and 4 f3.} d6 $1 {[%mdl 4] is now more promising than 6...bxc4.} 7. Bd2 (7. Bd3 {is more complex.} exd5 8. cxd5 a6 9. Nge2 Ba5 10. O-O) 7... Bxc3 8. Bxc3 {The position is equal.} b4 9. Bd2 O-O 10. Be3 exd5 11. cxd5 Nfd7 12. Ne2 {[#]} Ne5 $146 ({Predecessor:} 12... f5 13. exf5 Rxf5 14. Ng3 Re5 15. Kf2 Qh4 16. Qd2 Nf6 17. Rc1 Ba6 18. b3 Nxd5 {½-½ (34) Aronian,L (2758)-Carlsen,M (2876) Douglas 2019}) 13. Ng3 f5 14. exf5 Qe7 15. Qd2 $1 Bxf5 16. Be2 Nbd7 17. O-O Nb6 18. b3 {To avoid Nec4} Rae8 {[%cal Oe5c4]} 19. Bf2 (19. a3 $16) 19... Bc8 (19... Bg6 $11) 20. Rae1 {f4 is the strong threat.} Qf7 {Prevents f4.} 21. Ne4 {[%cal Bg3e4,Be4g5,Bg5e6][%mdl 32]} Qg6 22. Bg3 Bf5 23. Bb5 Bd7 24. Bxd7 Nbxd7 25. Ng5 h6 26. Ne6 {And now f4 would win.} Rf5 27. a3 (27. Re2 $16) 27... bxa3 $15 28. Ra1 Nf8 (28... Nf6 $15 29. Nf4 Qg5) 29. Nxf8 $11 Rexf8 30. Rxa3 R8f7 31. Ra6 h5 {[%cal Oh5h4]} 32. Re1 {Black must now prevent Bxe5.} Qf6 {[%cal Of5f3]} 33. f4 $2 {[#]} (33. Qf2 $11) 33... h4 $2 34. Bxh4 $1 Qxh4 35. fxe5 Rf2 ({Don't do} 35... Rh5 36. g3 Rg5 37. Kg2 $16 (37. exd6 Rxg3+ 38. hxg3 Qxg3+ 39. Kh1 Qh3+ 40. Qh2 Rf1+ 41. Rxf1 Qxf1+ 42. Qg1 Qh3+ 43. Qh2 Qf1+ 44. Qg1 Qh3+ 45. Qh2 Qf1+ $11)) 36. Ra4 $1 Rxd2 {[%cal Rh4e1]} 37. Rxh4 dxe5 {[%mdl 4096] Endgame KRR-KRR} 38. h3 Rxd5 39. b4 cxb4 40. Rxb4 a5 41. Rb8+ Kh7 42. Re8 a4 43. R8xe5 Rxe5 44. Rxe5 {KR-KR} Ra7 {Hoping for ...a3.} 45. Re2 $1 a3 {Strongly threatening ...a2.} 46. Ra2 Kg6 47. Kf2 Kf5 48. Kf3 Kg5 49. Kg3 Ra4 50. h4+ $2 {[%mdl 8192] This move loses the game for White.} (50. Kf2 $11) 50... Kh5 $19 {Black is clearly winning.} 51. Kh3 Rxh4+ 52. Kg3 Ra4 53. Kh3 Kg5 54. Kg3 Kf5 55. Kf3 g5 {[%cal Bg7g5,Bg5g4][%mdl 32]} 56. g3 Ra8 57. Kf2 Ke4 58. Ke2 g4 {Weighted Error Value: White=0.29 (precise) /Black=0.12 (very precise)} 0-1

[Event "Millennium-Meisterturnier 2022"]
[Site "Tornelo"]
[Date "2022.03.23"]
[Round "5.1"]
[White "Nestorovic, Nikola"]
[Black "Costa, Leonardo"]
[Result "1/2-1/2"]
[WhiteElo "2456"]
[BlackElo "2324"]
[Annotator "TA"]
[PlyCount "262"]
[EventDate "2022.03.23"]
[EventType "tourn"]
[EventCountry "NET"]
[SourceTitle "playchess.com"]
[Source "ChessBase"]
[SourceQuality "1"]

{[%evp 12,262,20,11,5,0,0,0,15,9,13,11,45,50,54,40,60,73,138,66,81,70,79,71,77,65,150,150,139,140,152,160,170,160,170,180,169,166,169,170,185,182,232,227,213,151,275,154,181,162,212,212,209,210,202,172,208,193,272,263,250,245,270,225,212,224,189,217,189,185,176,189,191,171,196,169,282,265,273,260,274,254,261,268,295,300,288,237,279,271,316,316,304,300,284,235,221,221,207,193,193,188,189,189,195,186,194,216,212,154,267,267,261,244,241,254,254,254,254,205,254,254,246,239,247,247,247,233,239,239,232,232,231,230,213,212,211,153,213,211,201,192,3299,3299,1120,1003,996,838,5922,5849,5406,5336,5131,4967,4967,1549,1115,1115,1115,1115,1115,988,996,0,908,996,29976,29976,29966,0,29964,741,29963,472,693,642,29966,29954,3195,1586,29970,29971,29970,29968,29964,29965,6299,5277,5136,5129,5057,2217,1945,1754,1710,1385,880,705,1262,1263,972,467,785,462,792,447,460,460,447,447,216,128,121,93,71,0,80,0,66,79,95,61,60,48,48,14,16,0,0,0,0,0,0,0,0,0,0,0,0,0,0,0,0,0,0,0,0,0,0,0,0,0,0]} 1. e4 e5 2. Nf3 Nc6 3. Bc4 Bc5 4. c3 Nf6 5. d3 d6 6. O-O O-O 7. Bb3 a5 {7...a6 is not played anymore. C54: Giuoco Piano: 4 c3 Nf6, main lines with 5 d4 and 5 d3.} 8. h3 h6 9. Re1 Be6 10. Ba4 {10.Ba4 has lost popularity.} Ba7 11. d4 {[#]} exd4 $146 ({Predecessor:} 11... Bd7 12. Bc2 exd4 13. cxd4 Nb4 14. Nc3 Nxc2 15. Qxc2 c5 16. Be3 cxd4 17. Bxd4 Bxd4 18. Nxd4 {½-½ (38) So,W (2780)-Nakamura,H (2777) Chess.com INT 2018}) 12. cxd4 d5 13. e5 {Bxc6 is the strong threat.} Nd7 14. Nc3 {[%cal Bb1c3,Bc3e2,Be2f4][%mdl 32]} f5 ({Black should try} 14... Re8) 15. Bb3 (15. Bxc6 $16 bxc6 16. Bd2) 15... Ne7 $14 16. Ne2 Rf7 $1 17. h4 Nf8 18. h5 $36 {[%mdl 2048] Black is under pressure.} Qd7 ({Black should play} 18... Bd7 $14) 19. Nf4 $16 c6 20. Be3 {White is more active.} Bb6 21. Rc1 Nh7 22. g3 Rff8 23. Bc2 Rf7 24. Kg2 Nf8 25. Bd3 Rc8 26. Nh4 Bd8 (26... Qd8 $142 27. Nhg6 Bd7) 27. a3 Ra8 28. Rh1 Nh7 (28... Qe8 $16 29. Qb3 Bc8) 29. Nf3 (29. Nxe6 $18 Qxe6 30. Qb3) 29... Nc8 30. Qc2 Ng5 (30... Nf8 $142 31. a4 Qe8) 31. Nh4 $18 {[%cal Bf3h4,Bh4g6,Bg6e5][%mdl 32]} Ne7 32. f3 Bb6 33. Qd2 Nh7 34. Nhg6 Re8 (34... Bd8 $142 35. b4 Ng5) 35. b4 axb4 36. Qxb4 Bd8 37. Qd6 Qxd6 38. exd6 Nc8 39. Ne5 Rf6 40. d7 Bxd7 41. Nxd7 Rxe3 42. Nxf6+ Bxf6 43. Bxf5 Ne7 (43... Nd6 $142) 44. Be6+ Kf8 45. Rhe1 Bxd4 46. Rxe3 Bxe3 47. Rb1 Ng5 48. Bd7 b6 49. Rb3 Bc5 50. Ng6+ Nxg6 51. hxg6 {[%mdl 4096] Endgame KRB-KBN} Ke7 52. Bxc6 Kd6 53. Bb5 Ne6 54. Be8 Nd4 55. Rd3 Nc2 56. Kh3 Nxa3 57. Bf7 d4 58. f4 Nc2 59. Kg4 Kc6 60. Kf5 Be7 (60... Kd6 $16 61. Rd2 Ne3+ 62. Ke4 Ke7) 61. Ke4 Bf6 62. g4 Ne3 63. g5 hxg5 64. fxg5 Bxg5 65. Rxd4 b5 66. Rd3 Bh6 67. Rd8 ({Less strong is} 67. Rxe3 Bxe3 68. Kxe3 Kc7 $18) 67... Ng4 68. Be6 $1 Nf6+ 69. Kf5 Kc7 70. Rh8 {[%cal Oh8h6]} Be3 {[#]} 71. Rh7 $1 {[%mdl 512]} Ne8 72. Bf7 Nd6+ 73. Ke6 Bd4 74. Rh1 {And now Rc1+ would win.} b4 {[#]} (74... Bb2 $16 75. Kd5 b4) 75. Rd1 $1 Bc5 76. Kd5 {Inhibits Ne4.} Kb6 $2 (76... Be3 77. Be6 Nb5) 77. Rc1 Nb7 78. Be8 b3 79. Rb1 Be7 80. Rxb3+ Kc7 81. Rf3 {Rf7 would kill now.} Nd8 {Inhibits Rf7.} 82. Bf7 Kd7 83. Rf1 (83. Rf4 $142 Bg5 84. Ra4) 83... Bb4 84. Ra1 {White wants to mate with Ra7+.} Ke7 85. Ra7+ Kf6 86. Ra6+ Ke7 87. Ra7+ Kf6 88. Be8 Bc3 89. Rd7 Ba5 90. Ra7 Bc3 $1 91. Rc7 (91. Ra8 $142 Ke7 92. Bb5 Kf6 93. Rxd8 Kxg6 94. Ke4 Bb4 95. Rd3 Be7 96. Be8+ Kf6 97. Rg3) 91... Bd2 92. Rc2 (92. Rc8 $142 Ke7 93. Bb5 Ba5 94. Ra8 Bb6 95. Ra6 Bc7 96. Ra7 Ne6 97. Bf1) 92... Bb4 (92... Bf4 $142 93. Rf2 Kg5) 93. Rb2 Bc3 94. Rb3 Bd2 95. Rb6+ Ke7 96. Ba4 Bc3 97. Bc2 Bd2 98. Ra6 Be3 99. Ke5 Bg1 100. Be4 Bh2+ 101. Kf5 (101. Kd5 $142 Bg1 102. Bd3) 101... Bg1 102. Bd5 Bf2 103. Ra4 Kd6 104. Ke4 Ke7 105. Ra2 Bg1 106. Ke5 Bb6 107. Rc2 Kd7 (107... Ba5 $142 108. Ra2 Bc3+ 109. Kf5 Bd4) 108. Rc3 Ke7 109. Rh3 Bc7+ 110. Kf5 {Threatens to win with Rh7.} Bb6 111. Rh8 (111. Rd3 $18) 111... Bd4 $16 112. Rg8 Bb2 113. Rh8 Bd4 $1 114. Rg8 Bb2 $1 115. Ke4 Bc3 {[#]} 116. Rh8 $1 Bb4 117. Bc4 {aiming for Kd5.} Ba5 118. Kf5 Nb7 {The position is equal.} 119. Bd3 Bc3 120. Rh2 Nd6+ 121. Kg5 Bf6+ 122. Kf4 Bd4 123. Rc2 Kf6 124. Kg4 Be5 125. Rf2+ Ke7 126. Kg5 Kd7 127. Bc2 {Black must now prevent Rd2.} Bd4 128. Bf5+ Kd8 129. Re2 {To avoid Be3+. Strongly threatening Kf4.} Bf6+ 130. Kf4 {Hoping for Re6.} Kc7 131. Rc2+ Kb6 {Blacks defense is rewarded with a draw.  Weighted Error Value: White=0.11 (very precise) /Black=0.19 (very precise)} 1/2-1/2

[Event "Millennium-Meisterturnier 2022"]
[Site "Tornelo"]
[Date "2022.03.23"]
[Round "5.2"]
[White "Huber, Benedikt"]
[Black "Goldbeck, Lars"]
[Result "1/2-1/2"]
[WhiteElo "2191"]
[BlackElo "2259"]
[Annotator "ChessBase"]
[PlyCount "89"]
[EventDate "2022.03.23"]
[EventType "tourn"]
[EventCountry "NET"]
[SourceTitle "playchess.com"]
[Source "ChessBase"]
[SourceQuality "1"]
[TimeControl "40/5400+30:1800+30"]

1. d4 d5 2. c4 e6 3. Nf3 Nf6 4. g3 Bb4+ 5. Nbd2 O-O 6. Bg2 a5 7. O-O b6 8. cxd5 exd5 9. Nb1 Bb7 10. Bf4 Re8 11. a3 Bd6 12. Nc3 Nbd7 13. Bxd6 cxd6 14. Nd2 Ne4 15. e3 Ndf6 16. Rc1 Qd7 17. Ndxe4 dxe4 18. Qb3 Ba6 19. Rfd1 d5 20. Qxb6 Bc4 21. b3 Ra6 22. Qc5 Bxb3 23. Re1 Bc4 24. a4 Rc8 25. Qa3 Rac6 26. f3 exf3 27. Bxf3 Qf5 28. Bg2 Rb6 29. e4 Qg4 30. Nxd5 Bxd5 31. Rxc8+ Qxc8 32. exd5 h5 33. Qc5 Qb8 34. Qxa5 h4 35. gxh4 Rb2 36. Qc3 Nxd5 37. Qc6 Rb1 38. Rxb1 Qxb1+ 39. Bf1 Qe4 40. Qc8+ Kh7 41. Qc4 Qe3+ 42. Kh1 Qf3+ 43. Kg1 Qe3+ 44. Kh1 Qf3+ 45. Kg1 1/2-1/2

[Event "Millennium-Meisterturnier 2022"]
[Site "Tornelo"]
[Date "2022.03.23"]
[Round "5.3"]
[White "Prusikin, Michael"]
[Black "Lohvinov, Petro"]
[Result "0-1"]
[WhiteElo "2540"]
[BlackElo "2230"]
[Annotator "TA"]
[PlyCount "72"]
[EventDate "2022.03.23"]
[EventType "tourn"]
[EventCountry "NET"]
[SourceTitle "playchess.com"]
[Source "ChessBase"]
[SourceQuality "1"]

{[%evp 14,72,4,8,25,20,19,0,67,54,69,83,66,70,81,45,72,22,27,25,21,28,51,46,67,61,74,77,62,66,131,52,95,88,88,77,68,89,89,90,103,88,93,54,95,66,76,-173,-181,-156,-166,-150,-150,-151,-137,-157,-166,-5037,-441,-29990,-29991]} 1. d4 Nf6 2. Nf3 g6 3. Nbd2 Bg7 4. e4 d6 5. c3 O-O 6. Bd3 e5 7. O-O Nc6 8. h3 Nh5 {[%cal Re5d4] B07: Pirc Defence: Miscellaneous Systems.} 9. Nb3 a5 10. a4 {[#]} d5 $146 (10... exd4 $11 11. Nbxd4 (11. Nfxd4 Re8 $11) 11... Ne5) ({Predecessor:} 10... exd4 11. Nbxd4 Ne5 12. Bc2 b6 13. Bg5 Bf6 14. Be3 Bb7 15. Nd2 Ba6 16. Re1 Bg5 {0-1 (30) Kovalenko,I (2651)-Mamedov,R (2654) Kiev 2021}) 11. Bg5 $14 Qd6 12. Re1 h6 13. Be3 (13. exd5 {with more complications.} Qxd5 14. Be4 Qd7 15. Be3 exd4 16. Nfxd4 Nxd4 17. Nxd4 Nf6 18. Bf3) 13... exd4 14. Nfxd4 (14. Nbxd4 {looks sharper.} dxe4 15. Bxe4 Nxd4 16. Nxd4 Nf6 17. Bf3) 14... Nxd4 15. Bxd4 (15. Nxd4 $16 {Threatens to win with Nb5.} Nf6 16. Nb5) 15... Bxd4 16. Nxd4 dxe4 17. Bxe4 Nf6 18. Bf3 Bd7 19. Qc1 Kg7 $1 20. Bxb7 Rab8 21. Bf3 Qb6 ({Better is} 21... c5 $14 22. Nb5 Bxb5 23. axb5 Rxb5) 22. Ra3 (22. b4 $1 $16) 22... Qxb2 (22... Rfe8 $14) 23. Qxb2 $16 Rxb2 24. Re5 $1 Re8 25. Rxa5 Re1+ 26. Kh2 Rxf2 27. Rc5 h5 {[%cal Bh6h5,Bh5g4][%mdl 32] aiming for ...h4.} 28. Kg3 (28. Rxc7 h4 29. Rxd7 (29. a5 Nh5) 29... Nxd7 $19) 28... Rff1 {And now ...Kh6 would win.} 29. a5 $1 Re4 $1 30. h4 $2 {[#] This move loses the game for White.} (30. Rxc7 h4+ 31. Kh2 Ree1 $19) (30. Nc2 $16 {keeps the pressure on.}) 30... Rg4+ $1 $19 {[%mdl 512]} 31. Bxg4 Ne4+ 32. Kh2 hxg4 {[%csl Ge4][%cal Rg4g3]} 33. Rg5 {[#] a6 is the strong threat.} f5 $1 {[%mdl 1024] Black has strong compensation. Black is more active.} 34. a6 {[#] Black must now prevent a7.} f4 $1 {( -> ...g3+)} 35. g3 $2 (35. Ne2 Nf2 36. Ng3 (36. Nxf4 $2 {gets mated.} Rh1+ 37. Kg3 Ne4#) 36... fxg3+ 37. Kxg3) 35... f3 (35... Rf2+ $142 36. Kh1 f3 37. Nxf3 gxf3) 36. Rga5 (36. a7 {is a self mate.} Rf2+ 37. Kg1 Rg2+ 38. Kf1 Nd2+ 39. Ke1 f2+ 40. Kxd2 f1=Q+ 41. Ke3 Rxg3+) (36. Ra2 $19 f2 37. Rxf2 Rxf2+ 38. Kg1) 36... Rf2+ {Weighted Error Value: White=0.58/Black=0.25 (precise)} 0-1

[Event "Millennium-Meisterturnier 2022"]
[Site "Tornelo"]
[Date "2022.03.23"]
[Round "5.4"]
[White "Schneider, Jana"]
[Black "Lerch, Johannes"]
[Result "1-0"]
[WhiteElo "2266"]
[BlackElo "2229"]
[Annotator "ChessBase"]
[PlyCount "71"]
[EventDate "2022.03.23"]
[EventType "tourn"]
[EventCountry "NET"]
[SourceTitle "playchess.com"]
[Source "ChessBase"]
[SourceQuality "1"]
[TimeControl "40/5400+30:1800+30"]

1. e4 e5 2. Nf3 Nc6 3. Bb5 a6 4. Ba4 Nf6 5. O-O d6 6. Re1 Bd7 7. c3 g6 8. d4 Bg7 9. Nbd2 O-O 10. Nf1 Re8 11. Ng3 h6 12. Bb3 Na5 13. Bc2 c5 14. d5 c4 15. b4 cxb3 16. axb3 b5 17. Bd2 Nb7 18. b4 Qc7 19. Qe2 Reb8 20. Bd3 Bc8 21. Rec1 Qd8 22. Ra2 Ne8 23. Be3 Qd7 24. Rxa6 Nc7 25. Rxa8 Rxa8 26. Bb6 h5 27. Qb2 Ne8 28. Ra1 Rxa1+ 29. Qxa1 Bh6 30. Qa8 Nc7 31. Qb8 Na6 32. Qa7 Nc7 33. Bxc7 Qxc7 34. Bxb5 Qxc3 35. Bc6 Qa1+ 36. Qxa1 1-0

[Event "Millennium-Meisterturnier 2022"]
[Site "Tornelo"]
[Date "2022.03.23"]
[Round "5.5"]
[White "Hess, Max"]
[Black "Soham Das"]
[Result "0-1"]
[WhiteElo "2395"]
[BlackElo "2330"]
[Annotator "ChessBase"]
[PlyCount "114"]
[EventDate "2022.03.23"]
[EventType "tourn"]
[EventCountry "NET"]
[SourceTitle "playchess.com"]
[Source "ChessBase"]
[SourceQuality "1"]
[TimeControl "40/5400+30:1800+30"]

1. d4 d5 2. Nf3 Nf6 3. g3 c6 4. Bg2 Bf5 5. c4 e6 6. Nc3 Nbd7 7. Qb3 Qb6 8. c5 Qa6 9. Bf1 Ne4 10. e3 b5 11. a4 Qa5 12. Bd2 Nxd2 13. Nxd2 Rb8 14. Be2 b4 15. Na2 h5 16. O-O e5 17. Nc1 Be7 18. Qd1 Qc7 19. Bxh5 Nf6 20. Be2 e4 21. f3 g6 22. Rf2 exf3 23. Bxf3 Qd7 24. Nf1 Ne4 25. Re2 Ng5 26. Nd2 Kf8 27. Rg2 Kg7 28. Ne2 Rbe8 29. Nf4 Bf6 30. g4 Rxe3 31. gxf5 Qxf5 32. Nh5+ gxh5 33. h4 Kf8 34. hxg5 Bxd4 35. Kh1 Bxb2 36. Qb1 Qe5 37. g6 fxg6 38. Qf1 Kg7 39. Rd1 Rf8 40. Qg1 Rf6 41. Qh2 Qxh2+ 42. Rxh2 Bc3 43. Be2 Rfe6 44. Bf1 Re1 45. Rxe1 Rxe1 46. Kg1 Ra1 47. Re2 Kf6 48. Rf2+ Ke7 49. Kg2 Rxa4 50. Bd3 Bxd2 51. Rxd2 b3 52. Kf3 Rb4 53. Bxg6 a5 54. Ke3 a4 55. Bb1 a3 56. Kd3 Ra4 57. Re2+ Kd8 0-1